000 00777nab a2200229 u 4500
001 16372
003 HDC
007 cr bn ---aaaaa
008 210220c20100726xx dr|noo 0 a eng d
040 _aHDC
245 0 _aIndonesia: RI becomes world's halal standard reference
260 _a[No place] :
_b[publisher not identified],
_c2010
336 _atext
_2rdacontent
337 _acomputer
_2rdamedia
338 _aonline resource
_2rdacarrier
650 _ahalal certification
_9753
650 _ahalal standards
_zIndonesia
_916214
856 _zRequest full-text at [email protected]
942 _2lcc
942 _cNEWS
942 _kNWSO 005692
999 _c13688
_d13688